Normal view
MARC view
- SMITH, ROBERT C
Entry Personal Name
001 - CONTROL NUMBER
- control field: 58438
003 - CONTROL NUMBER IDENTIFIER
- control field: NUST
005 - DATE AND TIME OF LATEST TRANSACTION
- control field: 20210628202137.0
008 - FIXED-LENGTH DATA ELEMENTS
- fixed length control field: 210628|| aca||aabn | a|a d
040 ## - CATALOGING SOURCE
- Original cataloging agency: NUST
- Transcribing agency: NUST
100 ## - HEADING--PERSONAL NAME
- Personal name: SMITH, ROBERT C
670 ## - SOURCE DATA FOUND
- Source citation: Work cat.: (NUST): SMITH, ROBERT C, THE SEQUESTRATION OF METALS THEORATICAL CONSIDERATIONS AND PRACTICAL APPLICATION, 1959
